<?xml version="1.0" encoding="UTF-8"?>
<record
    xmlns:xsi="http://www.w3.org/2001/XMLSchema-instance"
    xsi:schemaLocation="http://www.loc.gov/MARC21/slim http://www.loc.gov/standards/marcxml/schema/MARC21slim.xsd"
    xmlns="http://www.loc.gov/MARC21/slim">

  <leader>01452nam a22003017a 4500</leader>
  <controlfield tag="005">20120228162853.0</controlfield>
  <datafield tag="010" ind1=" " ind2=" ">
    <subfield code="a">ENG-104829  B-457220</subfield>
  </datafield>
  <datafield tag="020" ind1=" " ind2=" ">
    <subfield code="a">9788189738822</subfield>
    <subfield code="c">2495.00</subfield>
  </datafield>
  <datafield tag="035" ind1=" " ind2=" ">
    <subfield code="a">EN-88362  B-457220</subfield>
  </datafield>
  <datafield tag="037" ind1=" " ind2=" ">
    <subfield code="b">DBAD/PUB</subfield>
  </datafield>
  <datafield tag="037" ind1=" " ind2=" ">
    <subfield code="b">K.K.Pub/Ven</subfield>
  </datafield>
  <datafield tag="082" ind1=" " ind2=" ">
    <subfield code="a">792.095433</subfield>
  </datafield>
  <datafield tag="100" ind1=" " ind2=" ">
    <subfield code="a">Gopalakrishnan, Sudha</subfield>
    <subfield code="d">1954-</subfield>
    <subfield code="9">51215</subfield>
  </datafield>
  <datafield tag="245" ind1=" " ind2=" ">
    <subfield code="a">Kutiyattam :</subfield>
    <subfield code="c">by  Sudha Gopalakrishnan ; edited by Navkala Roy [and] Ritu Khanna</subfield>
    <subfield code="b">the heritage theatre of India / </subfield>
  </datafield>
  <datafield tag="260" ind1=" " ind2=" ">
    <subfield code="a">New Delhi</subfield>
    <subfield code="b">Niyogi Books</subfield>
    <subfield code="c">2011</subfield>
  </datafield>
  <datafield tag="270" ind1=" " ind2=" ">
    <subfield code="a">D-78, Okhla Industrial Area, Phase-I</subfield>
    <subfield code="b">New Delhi</subfield>
    <subfield code="e">110020</subfield>
  </datafield>
  <datafield tag="300" ind1=" " ind2=" ">
    <subfield code="a">196p.  :</subfield>
    <subfield code="c">31cm(Hb)</subfield>
    <subfield code="b">ill. (chiefly col.)</subfield>
  </datafield>
  <datafield tag="500" ind1=" " ind2=" ">
    <subfield code="a">Includes bibliographical references (p. 186-192) and index.</subfield>
  </datafield>
  <datafield tag="520" ind1=" " ind2=" ">
    <subfield code="a">Bismillah Khan, 1916-2006, shehnai player from India.</subfield>
  </datafield>
  <datafield tag="650" ind1=" " ind2=" ">
    <subfield code="a">K&#x16B;&#x1E0D;iy&#x101;&#x1E6D;&#x1E6D;am.</subfield>
    <subfield code="9">51216</subfield>
  </datafield>
  <datafield tag="650" ind1=" " ind2=" ">
    <subfield code="a">Theater </subfield>
    <subfield code="z">India </subfield>
    <subfield code="z">Kerala.</subfield>
    <subfield code="9">51217</subfield>
  </datafield>
  <datafield tag="700" ind1=" " ind2=" ">
    <subfield code="a">Roy, Navkala</subfield>
    <subfield code="9">43189</subfield>
  </datafield>
  <datafield tag="700" ind1=" " ind2=" ">
    <subfield code="a">Khanna, Ritu</subfield>
    <subfield code="9">43190</subfield>
  </datafield>
  <datafield tag="942" ind1=" " ind2=" ">
    <subfield code="2">ddc</subfield>
    <subfield code="c">EN</subfield>
    <subfield code="h">792.095433</subfield>
    <subfield code="m">GOP</subfield>
  </datafield>
  <datafield tag="999" ind1=" " ind2=" ">
    <subfield code="c">63582</subfield>
    <subfield code="d">63582</subfield>
  </datafield>
  <datafield tag="952" ind1=" " ind2=" ">
    <subfield code="0">0</subfield>
    <subfield code="1">0</subfield>
    <subfield code="2">ddc</subfield>
    <subfield code="4">0</subfield>
    <subfield code="7">1</subfield>
    <subfield code="8">NFIC</subfield>
    <subfield code="a">DBAD</subfield>
    <subfield code="b">DBAD</subfield>
    <subfield code="d">2012-02-29</subfield>
    <subfield code="e">DBAD/PUB</subfield>
    <subfield code="g">2495.00</subfield>
    <subfield code="l">0</subfield>
    <subfield code="o">792.095483 GOP</subfield>
    <subfield code="p">EN-88362</subfield>
    <subfield code="r">2012-02-29 00:00:00</subfield>
    <subfield code="t">1</subfield>
    <subfield code="v">2495.00</subfield>
    <subfield code="w">2012-02-29</subfield>
    <subfield code="y">EN</subfield>
  </datafield>
  <datafield tag="952" ind1=" " ind2=" ">
    <subfield code="0">0</subfield>
    <subfield code="1">0</subfield>
    <subfield code="4">0</subfield>
    <subfield code="7">1</subfield>
    <subfield code="8">REF</subfield>
    <subfield code="a">L</subfield>
    <subfield code="b">L</subfield>
    <subfield code="d">2012-08-17</subfield>
    <subfield code="e">K.K.Pub/1656/24.01.2012/25/18.01.2012/03.02.2012</subfield>
    <subfield code="g">2495.00</subfield>
    <subfield code="l">0</subfield>
    <subfield code="o">792.095433 GOP</subfield>
    <subfield code="p">B-457220</subfield>
    <subfield code="r">2012-08-17 00:00:00</subfield>
    <subfield code="t">1</subfield>
    <subfield code="v">2495.00</subfield>
    <subfield code="w">2012-08-17</subfield>
    <subfield code="y">EN</subfield>
  </datafield>
</record>
